Responses for Show #560 - Friday, January 30, 1987

Contestants

[<< previous game]

Irwin Moskowitz, a marketing manager originally from Pittsburgh, Pennsylvania

Nancy Neff, a teacher from Chattanooga, Tennessee

Rex Schultz, a trial lawyer from Baltimore, Maryland (whose 2-day cash winnings total $19,800)

[next game >>]

Jeopardy! Round responses

GOVERNMENT
BIRDS
THE "RIGHT" STUFF
SPORTS QUOTES
ISLANDS
FAMOUS ROBOTS
    $100 11
lottery

Irwin
    $100 17
catbird

Rex
    $100 3
Dudley Do-Right

Rex
    $100 1
Muhammad Ali

Rex
    $100 24
Simon and Garfunkel

Nancy
    $100 12
R2-D2 and C-3PO

Nancy
    $200 13
Reagan Library

Rex
    $200 18
in other birds' nests

Rex
    $200 7
right to lifers

Rex
    $200 2
John Madden

Nancy
    $200 25
North Carolina

Rex
    $200 20
Lost in Space

Irwin
    $300 14
The Commission on Pornography

Rex
    $300 19
woodpecker

Irwin
    $300 8
right angle

Nancy
    $300 4
(Rex: What is wrestling?)

golf

Rex
Triple Stumper
    $300 26
Ireland

Rex
    $500 21
Metropolis

Irwin
    $400 15
(Irwin: What is Russia?)

France

Irwin
Triple Stumper
    $400 23
(Rex: What are doves?)

ravens

Rex
Triple Stumper
    $400 9
Bill of Rights

Rex
    $400 5
Dizzy Dean

Rex
    $400 27
(Irwin: What is Jamaica?)

Trinidad

Irwin
Triple Stumper
    $400 22
K9

Nancy
    $500 16
televising the Senate

Rex
    $500 10
(Irwin: What is right field?)

right wing

Irwin
Triple Stumper
    $500 6
Casey Stengel

Irwin
    $500 28
[The end-of-round signal sounds.]

Guam

Nancy

Scores at the first commercial break (after clue 11):

Rex Nancy Irwin
$900 $500 $100

Scores at the end of the Jeopardy! Round:

Rex Nancy Irwin
$2,300 $1,600 $300

Double Jeopardy! Round responses

AUTHORS
EXPLORERS
BUSINESS LINGO
CELEBRITY SECRETS
BEES
ALPHABETICALLY FIRST
    $200 1
Pearl Buck

Nancy
    $200 12
Stanley

Irwin
    $200 26
prime

Rex
    $200 7
Candice Bergen

Nancy
    $200 21
Egypt

Rex
    $200 6
April

Nancy
    $400 2
Zane Grey

Rex
    $400 14
Meriwether Lewis

Nancy
    $400 27
par

Rex
    $400 8
2

Triple Stumper
    $400 22
(Nancy: What is [*]?)
(Alex: And?)
(Nancy: Silver?)
(Alex: No.)
[Nancy was initially ruled incorrect; the decision was reversed before Final Jeopardy! since she only needed to name one.]

gold & copper

Nancy
    $400 13
Africa

Rex
    $600 3
James Clavell

Nancy
    $600 15
Balboa

Nancy
    $600 28
[The end-of-round signal sounds.]

NASDAQ

Triple Stumper
    $600 9
Ann Miller

Irwin
    $600 23
(Irwin: What is a stinger?)

tongue

Irwin
Triple Stumper
    $600 18
(Rex: Who was, uh, Adams?)
(Alex: Be more specific.)

John Adams

Rex
    $800 4
(Irwin: Who is Omar Khyyam?)

(Rudyard) Kipling

RexIrwin
    $800 16
Alvar Nuñez Cabeza de Vaca

Triple Stumper
    $800 10
Laurence Olivier

Nancy
    $800 24
carpenter bees

Triple Stumper
    $1,000 19
(Rex: What is, uh, Annapolis?)

Albany, New York

Rex
    $1000 5
Tolstoy

Rex
    $1000 17
Japan

Rex
    $1000 11
Merle Oberon

Nancy
    $1000 25
a larva (larval)

Rex
    $1000 20
(Nancy: What is an ace?)
(Alex: Be more specific.)

ace of clubs

Nancy

Scores at the end of the Double Jeopardy! Round:

Rex Nancy Irwin
$7,300 $7,000 -$300

[wagering suggestions for these scores]

Final Jeopardy! Round responses

U.S. STATES
NancyWhat is 4?
$6,000
RexWhat is 2?
$7,000
4

Final scores:

Rex Nancy Irwin
$300 $13,000 -$300
2nd place: Emerson 25" stereo TV & Symphonic video cassette recorder New champion: $13,000 3rd place: Oneida gift certificate

Game dynamics:

Coryat scores:

Rex Nancy Irwin
$8,300 $7,000 -$500
22 R,
3 W
(including 1 DD)
16 R,
0 W
7 R
(including 1 DD),
5 W

Combined Coryat: $14,800

[game clues] [game scores] [suggest correction]

Game tape date: 1986-11-04
The J! Archive is created by fans, for fans. Scraping, republication, monetization, and malicious use prohibited; this site may use cookies and collect identifying information. See terms. The Jeopardy! game show and all elements thereof, including but not limited to copyright and trademark thereto, are the property of Jeopardy Productions, Inc. and are protected under law. This website is not affiliated with, sponsored by, or operated by Jeopardy Productions, Inc. Join the discussion at JBoard.tv.